000
00307nam a2200121Ia 4500
008
190216s9999||||xx |||||||||||||| ||und||
100
_a
Francis Cherunilam
245
0
_a
Business Environment : Text And Cases
260
_b
Himalaya Publishing House
_c
2004
300
_a
718
650
_a
Commerce
942
_c
BK
999
_c
6671
_d
6671